| 000 | 00452nam a2200181Ia 4500 | ||
|---|---|---|---|
| 001 | 20998 | ||
| 005 | 20260306172847.0 | ||
| 008 | 260306t2019||||xx |||||||||||||| ||spa|| | ||
| 041 | _aESP | ||
| 082 |
_a343.83 _bH83 |
||
| 100 |
_aHuamán Sialer, Marco Antonio _eAUT |
||
| 245 | 0 | _aDerecho aduanero y de comercio internacional | |
| 260 | _c2019 | ||
| 300 |
_a750 páginas : _c25 cm. |
||
| 650 | _aGEN | ||
| 654 | _aCCO | ||
| 942 |
_cLIB _dJUS _fJUS _2ddc _n |
||
| 999 |
_c20998 _d20998 |
||